[Event "SVK-chT2B 2223"]
[Site "Slovakia"]
[Date "2023.02.11"]
[Round "8.2"]
[White "Bojda, Lubomir"]
[Black "Vyhlidal, Jozef"]
[Result "1-0"]
[WhiteElo "2071"]
[BlackElo "2040"]
[PlyCount "71"]
[EventDate "2022.10.08"]
[EventType "team-tourn"]
[EventRounds "11"]
[EventCountry "SVK"]
[SourceTitle "EXT 2024"]
[Source "ChessBase"]
[SourceDate "2023.10.10"]
[SourceVersion "1"]
[SourceVersionDate "2023.10.10"]
[SourceQuality "1"]
[WhiteTeam "Topolcany II"]
[BlackTeam "Nemsova Horne Srnie"]
[WhiteTeamCountry "SVK"]
[BlackTeamCountry "SVK"]

1. d4 Nf6 2. Nf3 d6 3. g3 b6 4. Bg2 Bb7 5. c4 Nbd7 6. 0-0 e5 7. Nc3 Be7 8. dxe5 dxe5 9. Qc2 c6 10. Rd1 Qc7 11. a3 0-0 12. b3 Rfe8 13. Bb2 Bf8 14. e3 g6 15. Rd2 Bg7 16. Rad1 h6 17. Ne4 Re7 18. Nd6 Rf8 19. Nh4 Ne8 20. Nxf7 Rfxf7 21. Nxg6 Nf8 22. Nxe7+ Qxe7 23. c5 b5 24. Bh3 Nc7 25. Rd6 Nd5 26. e4 Nf6 27. Bf5 Ne8 28. Rd8 Bf6 29. b4 Ng7 30. Bg6 Qxd8 31. Rxd8 Bxd8 32. Bxf7+ Kxf7 33. Qd2 Be7 34. Qxh6 Nge6 35. Qh5+ Ng6 36. Bxe5 1-0

[Event "SVK-chT2B 2223"]
[Site "Slovakia"]
[Date "2023.01.15"]
[Round "7.2"]
[White "Mojzis, Marcel"]
[Black "Bojda, Lubomir"]
[Result "1/2-1/2"]
[WhiteElo "2193"]
[BlackElo "2071"]
[PlyCount "64"]
[EventDate "2022.10.08"]
[EventType "team-tourn"]
[EventRounds "11"]
[EventCountry "SVK"]
[SourceTitle "EXT 2024"]
[Source "ChessBase"]
[SourceDate "2023.10.10"]
[SourceVersion "1"]
[SourceVersionDate "2023.10.10"]
[SourceQuality "1"]
[WhiteTeam "Tlmace"]
[BlackTeam "Topolcany II"]
[WhiteTeamCountry "SVK"]
[BlackTeamCountry "SVK"]

1. d4 e6 2. c3 c5 3. Nf3 Nc6 4. Qb3 d5 5. Bg5 Qb6 6. Qxb6 axb6 7. e3 Bd6 8. Nbd2 Nf6 9. Bxf6 gxf6 10. a3 c4 11. e4 b5 12. Rc1 Bf4 13. g3 Bh6 14. Rd1 f5 15. exd5 exd5 16. Bg2 f4 17. 0-0 Be6 18. Rfe1 0-0-0 19. Ne5 fxg3 20. hxg3 Nxe5 21. Rxe5 Bg7 22. Re3 h5 23. Nf3 Bf6 24. Rde1 Kc7 25. Nh4 Rhg8 26. Nf3 Kd6 27. Kf1 Rg7 28. Ne5 Rdg8 29. Bf3 Bh3+ 30. Bg2 Be6 31. Bf3 Bh3+ 32. Bg2 Be6 1/2-1/2

[Event "SVK-chT1W 2122"]
[Site "Slovakia"]
[Date "2022.03.19"]
[Round "5.4"]
[White "Bojda, Lubomir"]
[Black "Dlhy, Jozef"]
[Result "1/2-1/2"]
[WhiteElo "2075"]
[BlackElo "2055"]
[PlyCount "43"]
[EventDate "2021.11.06"]
[EventType "team-tourn"]
[EventRounds "11"]
[EventCountry "SVK"]
[SourceTitle "EXT 2023"]
[Source "ChessBase"]
[SourceDate "2022.10.05"]
[SourceVersion "1"]
[SourceVersionDate "2022.10.05"]
[SourceQuality "1"]
[WhiteTeam "Topolcany"]
[BlackTeam "Nitra NSK"]
[WhiteTeamCountry "SVK"]
[BlackTeamCountry "SVK"]

1. Nf3 Nf6 2. d4 d5 3. c4 c6 4. Nc3 e6 5. e3 Nbd7 6. Bd3 Bd6 7. 0-0 0-0 8. e4 dxe4 9. Nxe4 Nxe4 10. Bxe4 Nf6 11. Bc2 c5 12. Qd3 h6 13. Be3 Qc7 14. Qc3 Ng4 15. Qd3 f5 16. g3 b6 17. dxc5 Bxc5 18. Bf4 Qc6 19. h3 Bb7 20. hxg4 Qxf3 21. Qxf3 Bxf3 22. gxf5 1/2-1/2

[Event "SVK-ch Amateur"]
[Site "Topolcany"]
[Date "2020.07.11"]
[Round "3"]
[White "Bojda, Lubomir"]
[Black "Miciak, Emanuel"]
[Result "1-0"]
[WhiteElo "2110"]
[BlackElo "1847"]
[PlyCount "55"]
[EventDate "2020.07.10"]
[EventType "swiss"]
[EventRounds "7"]
[EventCountry "SVK"]
[SourceTitle "EXT 2021"]
[Source "ChessBase"]
[SourceDate "2020.10.23"]
[SourceVersion "1"]
[SourceVersionDate "2020.10.23"]
[SourceQuality "1"]

1. Nf3 Nf6 2. c4 c6 3. d4 d5 4. Nc3 Bf5 5. cxd5 cxd5 6. Qb3 b6 7. Bf4 a6 8. Rc1 e6 9. Na4 Nbd7 10. e3 Rc8 11. Nc3 b5 12. a3 Be7 13. Be2 Ne4 14. 0-0 Nxc3 15. Rxc3 Rxc3 16. Qxc3 0-0 17. Rc1 Nf6 18. Ne5 Ne4 19. Qc6 Qd6 20. Ng6 Qd8 21. Nxe7+ Qxe7 22. f3 e5 23. Bxe5 Nf6 24. Qxa6 Nd7 25. Qd6 Qh4 26. Qxd5 Re8 27. Bxb5 Nxe5 28. Bxe8 1-0

[Event "Skalica op"]
[Site "Skalica"]
[Date "2020.01.11"]
[Round "8"]
[White "Bojda, Lubomir"]
[Black "Sahidi, Samir"]
[Result "0-1"]
[WhiteElo "2122"]
[BlackElo "2396"]
[PlyCount "64"]
[EventDate "2020.01.11"]
[EventType "swiss"]
[EventRounds "9"]
[EventCountry "SVK"]
[SourceTitle "CBM 194 Extra"]
[Source "ChessBase"]
[SourceDate "2020.03.31"]
[SourceVersion "1"]
[SourceVersionDate "2020.03.31"]
[SourceQuality "1"]

1. Nf3 d5 2. d4 Nf6 3. c4 c6 4. Nc3 e6 5. e3 Nbd7 6. Bd3 Bd6 7. 0-0 0-0 8. b3 e5 9. cxd5 cxd5 10. Nb5 Bb8 11. dxe5 Nxe5 12. Be2 Nxf3+ 13. Bxf3 a6 14. Nd4 Qd6 15. g3 Bh3 16. Re1 Re8 17. a4 Ne4 18. Bb2 Qh6 19. Qe2 Be5 20. Rad1 Rad8 21. Bg4 Bxg4 22. Qxg4 Nxf2 23. Kxf2 Qxh2+ 24. Kf3 Qxb2 25. Rh1 Bxd4 26. Qxd4 Qxb3 27. Rb1 Qc2 28. Rxb7 Rd6 29. Rh4 Qc1 30. Rf4 Qf1+ 31. Kg4 Rg6+ 32. Kh5 Qh3+ 0-1

[Event "SVK-chT2B 1920"]
[Site "Slovakia"]
[Date "2019.10.26"]
[Round "1.5"]
[White "Bojda, Lubomir"]
[Black "Beres, Dominik"]
[Result "1-0"]
[WhiteElo "2120"]
[BlackElo "1970"]
[PlyCount "81"]
[EventDate "2019.10.26"]
[EventType "team-tourn"]
[EventRounds "11"]
[EventCountry "SVK"]
[SourceTitle "CBM 193 Extra"]
[Source "ChessBase"]
[SourceDate "2020.01.31"]
[SourceVersion "1"]
[SourceVersionDate "2020.01.31"]
[SourceQuality "1"]
[WhiteTeam "Topolcany"]
[BlackTeam "Tlmace"]
[WhiteTeamCountry "SVK"]
[BlackTeamCountry "SVK"]

1. Nf3 d6 2. d4 Nf6 3. c4 g6 4. Nc3 Bg7 5. e4 0-0 6. Be2 c6 7. 0-0 Qc7 8. Bg5 Nbd7 9. Qd2 e5 10. dxe5 dxe5 11. b4 Rd8 12. Rfd1 a5 13. b5 Re8 14. Rab1 Bf8 15. Qc2 Nh5 16. Bf1 Nc5 17. Na4 Nxa4 18. Qxa4 Bc5 19. Qb3 a4 20. Qc3 Bg4 21. h3 Bd7 22. b6 Bxb6 23. Rxb6 Qxb6 24. Rxd7 c5 25. Nxe5 f6 26. Ng4 Rad8 27. Nh6+ Kh8 28. Nf7+ Kg8 29. Nxd8 Rxd8 30. Rxd8+ Qxd8 31. Be3 b6 32. Be2 Ng7 33. e5 f5 34. Bf3 g5 35. Bd5+ Kf8 36. e6 f4 37. Bc1 b5 38. Bb2 Ne8 39. Qh8+ Ke7 40. Qxh7+ Kd6 41. Qb7 1-0

[Event "SVK-chT2B 1819"]
[Site "Slovakia"]
[Date "2019.03.03"]
[Round "9.3"]
[White "Bona, Juraj"]
[Black "Bojda, Lubomir"]
[Result "0-1"]
[WhiteElo "1947"]
[BlackElo "2094"]
[PlyCount "82"]
[EventDate "2018.10.13"]
[EventType "team-tourn"]
[EventRounds "11"]
[EventCountry "SVK"]
[SourceTitle "CBM 189 Extra"]
[Source "ChessBase"]
[SourceDate "2019.06.03"]
[SourceVersion "1"]
[SourceVersionDate "2019.06.03"]
[SourceQuality "1"]
[WhiteTeam "Batorove Kosihy II"]
[BlackTeam "Topolcany"]
[WhiteTeamCountry "SVK"]
[BlackTeamCountry "SVK"]

1. b4 d5 2. Bb2 Nf6 3. d3 g6 4. Nd2 Bg7 5. g3 0-0 6. Bg2 a5 7. b5 c6 8. a4 cxb5 9. axb5 Qb6 10. Rb1 e5 11. Ngf3 e4 12. dxe4 dxe4 13. Nd4 e3 14. fxe3 Ng4 15. Nc4 Qc7 16. Qd3 Nxh2 17. e4 Ng4 18. 0-0 Nd7 19. Ba3 Nc5 20. b6 Nxd3 21. bxc7 Bxd4+ 22. e3 Nxe3 23. Nxe3 Bxe3+ 24. Kh1 Nb4 25. c3 Nc6 26. Bxf8 Kxf8 27. e5 Ra6 28. Bd5 f5 29. exf6 Bb6 30. Rfe1 Bxc7 31. f7 Ne7 32. Rxe7 Kxe7 33. Re1+ Be6 34. f8Q+ Kxf8 35. Bxe6 Bxg3 36. Rf1+ Ke7 37. Bd5 Rf6 38. Ra1 b6 39. Kg2 Be5 40. Re1 Kd6 41. c4 b5 0-1

[Event "SVK-chT2B 1819"]
[Site "Slovakia"]
[Date "2019.03.02"]
[Round "8.3"]
[White "Bojda, Lubomir"]
[Black "Balogh, Peter1111"]
[Result "1/2-1/2"]
[WhiteElo "2094"]
[BlackElo "2017"]
[PlyCount "53"]
[EventDate "2018.10.13"]
[EventType "team-tourn"]
[EventRounds "11"]
[EventCountry "SVK"]
[SourceTitle "CBM 189 Extra"]
[Source "ChessBase"]
[SourceDate "2019.06.03"]
[SourceVersion "1"]
[SourceVersionDate "2019.06.03"]
[SourceQuality "1"]
[WhiteTeam "Topolcany"]
[BlackTeam "Komarno II"]
[WhiteTeamCountry "SVK"]
[BlackTeamCountry "SVK"]

1. d4 Nf6 2. Nf3 c5 3. g3 cxd4 4. Nxd4 e5 5. Nb3 d5 6. Bg2 Nc6 7. 0-0 Be6 8. Bg5 Qd7 9. Bxf6 gxf6 10. Nc3 0-0-0 11. e4 d4 12. Nd5 f5 13. Qe2 Bd6 14. c3 f4 15. cxd4 Bxd5 16. exd5 Nxd4 17. Nxd4 exd4 18. Qc4+ Kb8 19. Qxd4 h5 20. Bf3 f5 21. Rfe1 fxg3 22. Re6 gxh2+ 23. Kh1 Rhg8 24. Rae1 Rg7 25. Qf6 Qc7 26. Bg2 Rgg8 27. a3 1/2-1/2

[Event "SVK-chT2B 1819"]
[Site "Slovakia"]
[Date "2018.12.16"]
[Round "6.3"]
[White "Bojda, Lubomir"]
[Black "Beres, Lukas"]
[Result "1-0"]
[WhiteElo "2083"]
[BlackElo "2076"]
[PlyCount "111"]
[EventDate "2018.10.13"]
[EventType "team-tourn"]
[EventRounds "11"]
[EventCountry "SVK"]
[SourceTitle "CBM 189 Extra"]
[Source "ChessBase"]
[SourceDate "2019.06.03"]
[SourceVersion "1"]
[SourceVersionDate "2019.06.03"]
[SourceQuality "1"]
[WhiteTeam "Topolcany"]
[BlackTeam "Tlmace"]
[WhiteTeamCountry "SVK"]
[BlackTeamCountry "SVK"]

1. d4 c6 2. c4 d6 3. Nf3 Nf6 4. Nc3 Nbd7 5. e4 e5 6. Be2 Be7 7. 0-0 Qc7 8. h3 0-0 9. Be3 Re8 10. d5 Nc5 11. Nd2 a5 12. a3 Bf8 13. Qc2 Bd7 14. Rac1 Rac8 15. Bg5 Be7 16. Be3 h6 17. Qb1 Qb8 18. f4 cxd5 19. fxe5 Nfxe4 20. Ncxe4 Nxe4 21. Nxe4 dxe4 22. Qxe4 dxe5 23. Bd3 Bf6 24. Bxh6 Qd6 25. Be3 g6 26. c5 Qe7 27. Bc4 Be6 28. b4 axb4 29. axb4 Kg7 30. Bxe6 Qxe6 31. Rc2 Rc7 32. Qf3 e4 33. Qf4 Be5 34. Qf2 Rd8 35. Kh1 Rd3 36. Re2 Rcd7 37. Qh4 f5 38. Bf4 Bc3 39. Qh6+ Kg8 40. Bd6 Bg7 41. Qg5 Rb3 42. Ra2 Bd4 43. Ra8+ Kg7 44. Qh4 g5 45. Qxg5+ Kh7 46. Qh5+ Kg7 47. Qg5+ Kh7 48. Qh5+ Kg7 49. Bf8+ Kf6 50. Bd6 Kg7 51. Qh8+ Kg6 52. Qxd4 Rd3 53. Qh8 Rg7 54. Bf4 Qe7 55. Qh6+ Kf7 56. Bd6 1-0

[Event "Banska Stiavnica V4 op"]
[Site "Banska Stiavnica"]
[Date "2018.07.14"]
[Round "8"]
[White "Sarkozy, Ladislav"]
[Black "Bojda, Lubomir"]
[Result "1/2-1/2"]
[WhiteElo "2247"]
[BlackElo "2064"]
[PlyCount "40"]
[EventDate "2018.07.07"]
[EventType "swiss"]
[EventRounds "9"]
[EventCountry "SVK"]
[SourceTitle "CBM 185 Extra"]
[Source "ChessBase"]
[SourceDate "2018.07.29"]
[SourceVersion "1"]
[SourceVersionDate "2018.07.29"]
[SourceQuality "1"]

1. d4 d5 2. c4 c6 3. Nf3 Nf6 4. e3 e6 5. b3 Bb4+ 6. Nbd2 0-0 7. a3 Bd6 8. Bd3 Nbd7 9. Bb2 Re8 10. Ne5 c5 11. f4 cxd4 12. exd4 b6 13. 0-0 Bb7 14. Qc2 Rc8 15. Rae1 Nf8 16. Re3 dxc4 17. bxc4 Nd5 18. Rh3 f5 19. Qa4 Bxe5 20. fxe5 Bc6 1/2-1/2

[Event "Banska Stiavnica V4 op"]
[Site "Banska Stiavnica"]
[Date "2018.07.12"]
[Round "6"]
[White "Mrvova, Alena"]
[Black "Bojda, Lubomir"]
[Result "1-0"]
[WhiteElo "2202"]
[BlackElo "2064"]
[PlyCount "87"]
[EventDate "2018.07.07"]
[EventType "swiss"]
[EventRounds "9"]
[EventCountry "SVK"]
[SourceTitle "CBM 185 Extra"]
[Source "ChessBase"]
[SourceDate "2018.07.29"]
[SourceVersion "1"]
[SourceVersionDate "2018.07.29"]
[SourceQuality "1"]

1. e4 c5 2. g3 Nc6 3. Bg2 g6 4. Ne2 Bg7 5. 0-0 e6 6. d3 Nge7 7. c3 0-0 8. Na3 d5 9. exd5 Nxd5 10. Nc4 e5 11. Ne3 Be6 12. Qc2 Rc8 13. f4 exf4 14. Nxf4 Nxf4 15. gxf4 f5 16. Nc4 Bd5 17. Rd1 Bxg2 18. Qxg2 Re8 19. Qf3 b5 20. Ne3 Kh8 21. Ng2 b4 22. Bd2 a5 23. Rac1 Qd6 24. Be3 Ne7 25. Bf2 bxc3 26. bxc3 Nd5 27. Be1 a4 28. a3 Rb8 29. c4 Bd4+ 30. Bf2 Nc3 31. Re1 Rxe1+ 32. Rxe1 Rb2 33. Be3 Kg7 34. Kf1 Bf6 35. Bc1 Rc2 36. Kg1 h5 37. Kh1 Kh6 38. Ne3 Qxd3 39. Ng4+ hxg4 40. Qxd3 Rf2 41. Qd6 Bd4 42. Qf8+ Bg7 43. Qxc5 Rc2 44. Qe7 1-0

[Event "Banska Stiavnica V4 op"]
[Site "Banska Stiavnica"]
[Date "2018.07.09"]
[Round "3"]
[White "Bojda, Lubomir"]
[Black "Talla, Vladimir"]
[Result "0-1"]
[WhiteElo "2064"]
[BlackElo "2402"]
[PlyCount "42"]
[EventDate "2018.07.07"]
[EventType "swiss"]
[EventRounds "9"]
[EventCountry "SVK"]
[SourceTitle "CBM 185 Extra"]
[Source "ChessBase"]
[SourceDate "2018.07.29"]
[SourceVersion "1"]
[SourceVersionDate "2018.07.29"]
[SourceQuality "1"]

1. e4 c5 2. Nf3 d6 3. Nc3 a6 4. d4 cxd4 5. Nxd4 Nf6 6. Be3 e6 7. h3 b5 8. a3 Bb7 9. Bd3 Nbd7 10. Nb3 Be7 11. Qe2 Rc8 12. f4 0-0 13. 0-0 e5 14. Nd5 Bxd5 15. fxe5 Nxe4 16. exd6 Bxd6 17. Rad1 Qc7 18. Bxe4 Bxe4 19. Rd4 f5 20. Rfd1 Bh2+ 21. Kh1 Nf6 0-1

[Event "SVK-chT2B 1718"]
[Site "Slovakia"]
[Date "2018.03.18"]
[Round "11.1"]
[White "Szegi, Tamas"]
[Black "Bojda, Lubomir"]
[Result "1/2-1/2"]
[WhiteElo "2206"]
[BlackElo "2057"]
[PlyCount "46"]
[EventDate "2017.10.28"]
[EventType "team-tourn"]
[EventRounds "11"]
[EventCountry "SVK"]
[SourceTitle "EXT 2020"]
[Source "ChessBase"]
[SourceDate "2019.10.17"]
[SourceVersion "1"]
[SourceVersionDate "2019.10.17"]
[SourceQuality "1"]
[WhiteTeam "Batorove Kosihy"]
[BlackTeam "Topolcany"]
[WhiteTeamCountry "SVK"]
[BlackTeamCountry "SVK"]

1. e4 c6 2. d4 d5 3. e5 c5 4. dxc5 Nc6 5. Nf3 e6 6. Be3 Nge7 7. c4 Qc7 8. Nc3 a6 9. Qa4 Rb8 10. cxd5 Nxd5 11. Nxd5 exd5 12. e6 Qe7 13. exf7+ Qxf7 14. Bd3 Be7 15. 0-0 0-0 16. Qc2 Qh5 17. Be2 Bg4 18. Rfd1 Bxf3 19. Bxf3 Rxf3 20. gxf3 Ne5 21. Bf4 Nxf3+ 22. Kh1 Rf8 23. Bg3 d4 1/2-1/2

[Event "SVK-chT2B 1718"]
[Site "Slovakia"]
[Date "2018.03.17"]
[Round "10.1"]
[White "Bojda, Lubomir"]
[Black "Molnar, Erno"]
[Result "1/2-1/2"]
[WhiteElo "2057"]
[BlackElo "2264"]
[PlyCount "49"]
[EventDate "2017.10.28"]
[EventType "team-tourn"]
[EventRounds "11"]
[EventCountry "SVK"]
[SourceTitle "EXT 2020"]
[Source "ChessBase"]
[SourceDate "2019.10.17"]
[SourceVersion "1"]
[SourceVersionDate "2019.10.17"]
[SourceQuality "1"]
[WhiteTeam "Topolcany"]
[BlackTeam "Komarno II"]
[WhiteTeamCountry "SVK"]
[BlackTeamCountry "SVK"]

1. d4 Nf6 2. Nf3 g6 3. g3 d5 4. Bg2 Bg7 5. 0-0 0-0 6. c4 dxc4 7. Nc3 c5 8. d5 Na6 9. e4 Nc7 10. Be3 b6 11. h3 Bb7 12. Nd2 Rc8 13. Re1 Ba6 14. f4 b5 15. Rc1 Re8 16. Qf3 e5 17. Kh2 exf4 18. gxf4 Nh5 19. e5 Bb7 20. Nde4 b4 21. Nd6 Ba8 22. Nxe8 Qxe8 23. Ne4 Bxd5 24. Qf2 Bxe4 25. Bxe4 1/2-1/2

[Event "SVK-chT2B 1718"]
[Site "Slovakia"]
[Date "2017.10.29"]
[Round "2.1"]
[White "Bojda, Lubomir"]
[Black "Adamik, Bohuslav"]
[Result "1-0"]
[WhiteElo "2098"]
[BlackElo "1909"]
[PlyCount "85"]
[EventDate "2017.10.28"]
[EventType "team-tourn"]
[EventRounds "11"]
[EventCountry "SVK"]
[SourceTitle "CBM 181 Extra"]
[Source "ChessBase"]
[SourceDate "2017.12.12"]
[SourceVersion "1"]
[SourceVersionDate "2017.12.12"]
[SourceQuality "1"]
[WhiteTeam "Topolcany"]
[BlackTeam "Lehota pod Vtacnikom"]
[WhiteTeamCountry "SVK"]
[BlackTeamCountry "SVK"]

1. d4 d5 2. Nf3 Nf6 3. c4 e6 4. Nc3 Be7 5. e3 Nbd7 6. Bd3 dxc4 7. Bxc4 Nb6 8. Bb3 c5 9. 0-0 0-0 10. Qe2 Nfd5 11. Rd1 Nxc3 12. bxc3 Qc7 13. e4 Bd7 14. a4 Rad8 15. a5 Nc8 16. Ne5 Bd6 17. Bf4 Ne7 18. Nxd7 Bxf4 19. Nxf8 Rxf8 20. g3 Bh6 21. Qc4 b6 22. axb6 axb6 23. dxc5 bxc5 24. f4 g6 25. Ra2 Nc8 26. Qd3 Nb6 27. Bc2 Bg7 28. c4 Rc8 29. e5 f6 30. Qd6 Qxd6 31. exd6 f5 32. Ra6 Nd7 33. Ra7 Rd8 34. Kg2 Bc3 35. Ba4 Nb6 36. Bb5 Nc8 37. Ra8 Bf6 38. d7 Nb6 39. Ra6 Na8 40. Rxe6 Kf7 41. Rc6 Be7 42. Ra1 Rxd7 43. Rxa8 1-0

[Event "Banska Stiavnica V4 op"]
[Site "Banska Stiavnica"]
[Date "2017.07.12"]
[Round "5"]
[White "Bojda, Lubomir"]
[Black "Pereszlenyi, Gejza"]
[Result "1-0"]
[WhiteElo "2078"]
[BlackElo "1919"]
[PlyCount "109"]
[EventDate "2017.07.08"]
[EventType "swiss"]
[EventRounds "9"]
[EventCountry "SVK"]
[SourceTitle "CBM 179 Extra"]
[Source "ChessBase"]
[SourceDate "2017.08.23"]
[SourceVersion "1"]
[SourceVersionDate "2017.08.23"]
[SourceQuality "1"]

1. d4 Nf6 2. Nf3 g6 3. g3 Bg7 4. Bg2 0-0 5. 0-0 c5 6. d5 d6 7. Nc3 a6 8. a4 Bg4 9. Nd2 Bc8 10. Nc4 b6 11. h3 Nbd7 12. f4 Rb8 13. e4 Qc7 14. Na3 Bb7 15. Be3 Rbd8 16. Nc4 Ne8 17. Qd2 Qb8 18. Kh2 Nc7 19. Rab1 b5 20. Na5 b4 21. Ne2 Qa8 22. c3 f5 23. Nc6 Bxc6 24. dxc6 Qxc6 25. exf5 Qxa4 26. fxg6 hxg6 27. b3 bxc3 28. Nxc3 Qb4 29. Rfc1 Kh7 30. Ne4 Qxd2 31. Bxd2 Ne6 32. Bf1 Ra8 33. Bc4 Nd4 34. Ng5+ Kh8 35. Kg2 Bf6 36. h4 Nb6 37. Bd3 Bxg5 38. hxg5 Kg7 39. b4 Nd7 40. Be4 Ra7 41. bxc5 dxc5 42. Be3 Nf5 43. Bf2 Rc8 44. Bd5 Rac7 45. Bc4 Nb8 46. Be6 Rd8 47. g4 Nd6 48. Bxc5 Kf8 49. Bb6 Rcc8 50. Rxc8 Rxc8 51. Bxc8 Nxc8 52. Bc7 Nd7 53. Rd1 Ke8 54. f5 Na7 55. fxg6 1-0

[Event "Banska Stiavnica V4 op"]
[Site "Banska Stiavnica"]
[Date "2017.07.11"]
[Round "4"]
[White "Borosova, Zuzana"]
[Black "Bojda, Lubomir"]
[Result "1-0"]
[WhiteElo "2312"]
[BlackElo "2078"]
[PlyCount "149"]
[EventDate "2017.07.08"]
[EventType "swiss"]
[EventRounds "9"]
[EventCountry "SVK"]
[SourceTitle "CBM 179 Extra"]
[Source "ChessBase"]
[SourceDate "2017.08.23"]
[SourceVersion "1"]
[SourceVersionDate "2017.08.23"]
[SourceQuality "1"]

1. e4 d6 2. d4 Nf6 3. Nc3 c6 4. f4 g6 5. Nf3 Bg7 6. Be3 0-0 7. Bd3 Ng4 8. Bg1 d5 9. e5 f6 10. h3 fxe5 11. fxe5 Nh6 12. g4 c5 13. dxc5 Nc6 14. Be2 e6 15. Bf2 Nxe5 16. Nd4 b6 17. cxb6 axb6 18. 0-0 Bd7 19. Ncb5 Nc6 20. Nxc6 Bxc6 21. Nd4 Bd7 22. Bg3 Qg5 23. Qd3 Nf7 24. Nf3 Qe7 25. c3 Ra5 26. Rfe1 Qc5+ 27. Bf2 Qc7 28. Qd2 Nd6 29. Bg3 Qc5+ 30. Kg2 Ne4 31. Qc2 Raa8 32. Bh4 Bc6 33. Bd3 Ra7 34. Nd4 Bxd4 35. cxd4 Qd6 36. Rf1 Raf7 37. Rxf7 Rxf7 38. Rf1 Rxf1 39. Bxf1 Bb7 40. Qa4 Qc6 41. Qxc6 Bxc6 42. Bd8 b5 43. Bc7 Kf7 44. Bd3 Ke7 45. Kf3 Ng5+ 46. Kg3 Ne4+ 47. Kf4 g5+ 48. Ke3 h6 49. Be5 Kf7 50. Be2 Nf6 51. Bd1 Ne4 52. a3 Nf6 53. b3 Nd7 54. Bc7 Ke7 55. a4 bxa4 56. bxa4 Kf7 57. a5 Kf6 58. a6 e5 59. a7 Bb7 60. Ba4 exd4+ 61. Kxd4 Ke6 62. Bxd7+ Kxd7 63. Be5 Kc6 64. Bg7 Kb6 65. Bxh6 Kxa7 66. Bxg5 Ba6 67. Kxd5 Bb7+ 68. Ke5 Bc8 69. Kf4 Kb6 70. h4 Kc6 71. h5 Be6 72. h6 Bg8 73. Ke5 Bh7 74. Bd2 Kd7 75. Kf6 1-0

[Event "SVK-chT1W 1617"]
[Site "Slovakia"]
[Date "2017.01.22"]
[Round "7.4"]
[White "Obona, Jan"]
[Black "Bojda, Lubomir"]
[Result "1-0"]
[WhiteElo "2222"]
[BlackElo "2092"]
[PlyCount "111"]
[EventDate "2016.10.15"]
[EventType "team-tourn"]
[EventRounds "11"]
[EventCountry "SVK"]
[SourceTitle "EXT 2018"]
[Source "ChessBase"]
[SourceDate "2017.10.13"]
[SourceVersion "1"]
[SourceVersionDate "2017.10.13"]
[SourceQuality "1"]
[WhiteTeam "Povazska Bystrica"]
[BlackTeam "Prievidza"]
[WhiteTeamCountry "SVK"]
[BlackTeamCountry "SVK"]

1. Nf3 e6 2. b3 d5 3. Bb2 c5 4. g3 Nc6 5. Bg2 Nf6 6. 0-0 Be7 7. d4 0-0 8. Nbd2 cxd4 9. Nxd4 Qb6 10. e3 Bd7 11. c4 Rac8 12. Qe2 Na5 13. Rfc1 Rfe8 14. cxd5 Nxd5 15. Rxc8 Rxc8 16. Qg4 Nf6 17. Qf3 Bb4 18. Ne4 Nxe4 19. Qxe4 Bc3 20. Bxc3 Rxc3 21. Rd1 Rc8 22. Qe5 Rc5 23. Qe4 Rc8 24. Qe5 Rc5 25. Qe4 Rc8 26. Qd3 Be8 27. Bf3 Rd8 28. Qc2 g6 29. Rc1 e5 30. Ne2 Bc6 31. Be4 Bxe4 32. Qxe4 Nc6 33. Qc4 Qa5 34. Nc3 Kg7 35. a4 Qb4 36. Qxb4 Nxb4 37. Ne4 Na6 38. Nc5 Rd6 39. Nxb7 Rb6 40. Nd8 Rxb3 41. Rc6 Rb6 42. a5 Rb1+ 43. Kg2 Nb4 44. Rc7 Rd1 45. Nxf7 Kf6 46. Nh6 Nd3 47. Rxh7 e4 48. Ng8+ Kf5 49. Rf7+ Ke5 50. Re7+ Kf5 51. g4+ Kxg4 52. Rxe4+ Kg5 53. Re7 Rd2 54. Kg3 Kf5 55. e4+ Kg5 56. h4+ 1-0

[Event "SVK-chT2B 1617"]
[Site "Slovakia"]
[Date "2016.12.04"]
[Round "6.3"]
[White "Skreno, Vladimir"]
[Black "Bojda, Lubomir"]
[Result "1-0"]
[WhiteElo "2209"]
[BlackElo "2085"]
[PlyCount "101"]
[EventDate "2016.10.08"]
[EventType "team-tourn"]
[EventRounds "11"]
[EventCountry "SVK"]
[SourceTitle "EXT 2018"]
[Source "ChessBase"]
[SourceDate "2017.10.13"]
[SourceVersion "1"]
[SourceVersionDate "2017.10.13"]
[SourceQuality "1"]
[WhiteTeam "Tlmace"]
[BlackTeam "Topolcany"]
[WhiteTeamCountry "SVK"]
[BlackTeamCountry "SVK"]

1. d4 e6 2. Nf3 c5 3. c3 d5 4. Bf4 cxd4 5. cxd4 Bb4+ 6. Nbd2 Nc6 7. e3 Nf6 8. a3 Be7 9. h3 0-0 10. Bd3 Bd7 11. b4 a6 12. 0-0 Na7 13. Qb3 Bb5 14. Ne5 Nd7 15. Rfc1 Nxe5 16. Bxe5 Bxd3 17. Qxd3 Nc6 18. Bg3 Bd6 19. Bxd6 Qxd6 20. Nb3 a5 21. b5 Ne7 22. Rc3 b6 23. Nd2 h6 24. Rac1 Rac8 25. Nf3 Rxc3 26. Rxc3 Rc8 27. Ne5 Rxc3 28. Qxc3 f6 29. Nc6 Nf5 30. Na7 Kh7 31. Nc8 Qd8 32. Qc2 Kh8 33. Qc6 e5 34. Qe6 exd4 35. Qxf5 d3 36. Na7 Qe7 37. Qxd3 Qxa7 38. Qxd5 Qc7 39. Qc6 Qd8 40. g3 Kh7 41. h4 h5 42. Qe4+ g6 43. Kg2 Kg7 44. a4 Kh7 45. Qd4 Qe7 46. Qxb6 Qe4+ 47. Kh2 Qxa4 48. Qc7+ Kh6 49. b6 Qa2 50. Qf4+ g5 51. Qxf6+ 1-0

[Event "SVK-chT1W 1617"]
[Site "Slovakia"]
[Date "2016.10.15"]
[Round "1.4"]
[White "Bojda, Lubomir"]
[Black "Janko, Michal"]
[Result "0-1"]
[WhiteElo "2092"]
[BlackElo "2247"]
[PlyCount "78"]
[EventDate "2016.10.15"]
[EventType "team-tourn"]
[EventRounds "11"]
[EventCountry "SVK"]
[SourceTitle "CBM 175 Extra"]
[Source "ChessBase"]
[SourceDate "2016.12.12"]
[SourceVersion "1"]
[SourceVersionDate "2016.12.12"]
[SourceQuality "1"]
[WhiteTeam "Prievidza"]
[BlackTeam "Gabcikovo Russel"]
[WhiteTeamCountry "SVK"]
[BlackTeamCountry "SVK"]

1. e4 c5 2. Nf3 d6 3. d4 cxd4 4. Qxd4 a6 5. c4 Nc6 6. Qd2 g6 7. Nc3 Bh6 8. Qc2 Bg7 9. Be3 Nf6 10. h3 0-0 11. Be2 Be6 12. Nd4 Nxd4 13. Bxd4 Rc8 14. b3 b5 15. cxb5 axb5 16. Qb2 b4 17. Nd1 Bh6 18. Bd3 d5 19. e5 Nh5 20. g3 Qd7 21. h4 Bg4 22. Rg1 Bf3 23. Ne3 Qh3 24. Nf1 f6 25. Be3 Bg7 26. g4 Bxg4 27. Be2 Bxe2 28. Qxe2 fxe5 29. Rd1 d4 30. Bg5 Rf7 31. Qe4 e6 32. Rg4 Nf4 33. Rg3 Qf5 34. f3 Nd5 35. Bd2 Nc3 36. Qxf5 exf5 37. Rc1 Ra7 38. Bxc3 bxc3 39. Rg2 Bh6 0-1